000 00441nam a2200193Ia 4500
005 20240823025822.0
008 240823s9999||||xx |||||||||||||| ||und||
020 _a0-19-954506-5
041 _aENGLISH
082 _A576 P8
100 _aJan Vijg
245 0 _aAging of the Genome
250 _a1st
260 _c2008
_bOxford University
_aNew Delhi
500 _aYES
650 _aGenome
_bGeneral
942 _cBK
999 _c187226
_d187226